01395cam a22003614i 4500003000900000005001700009008004100026020001500067020001800082035002000100082002000120100003200140245012000172264004100292300003800333336002100371337002500392338002300417504003300440505043800473526001000911526001000921526001000931526001000941526000800951526000800959526000800967526000800975526000800983526000800991526000800999650002601007PE-LiUPU20250731173110.0181217s2018 ilu r 001 0 eng  a083084547X a9780830845477 a(Sirsi) a25106804a261.55bH972231 aHutchinson, Ian H.,eautor.10aCan a scientist believe in miracles? :ban MIT professor answers questions on God and science /cIan H. Hutchinson. 1aDowners Grove :bIVP Books,c[2018]. a277 páginas ;c23 centímetros atext2rdacontent aunmediated2rdamedia avolume2rdacarrier aÍndice: páginas 271-277.0 aA spiritual journey -- Are there realities science cannot explain? -- What is faith? -- Do scientists have faith? -- Does reason support Christian belief? -- What is scientism? -- Is there really spiritual knowledge? -- Creation and cosmology -- Do miracles happen? -- The Bible and science -- Of all the world's religions, why Christianity? -- Why does God seem hidden? -- Is there good and evil? -- Personal consequences: so what?. aSEG42 aSEG41 aSEG40 aSEG39 aP94 aP87 aP86 aP85 aP77 aP76 aP35 4aReligión y ciencia.